000 00726cab a2200229 4500
001 ABS42296
008 090401t1990 xxu||||| |||| 00| 0 eng d
035 _a(Sirsi) u36056
041 _aeng
110 _aAnthony Williams and Partners
_93
245 _aChildren`s Hospital, Doncaster
260 _c1990
350 _a0
490 _aBuilding
_v255(7641) 30 March 1990, 49-58(8)
520 _aBuilding Dossier on the new Children`s hospital within Doncaster Royal Infirmary . Includes a cost commentary and detailed cost analysis.
650 _aBUILT ENVIRONMENT-BUILDING COSTS
650 _aDONCASTER
650 _aHOSPITALS
690 _aBUILDING AND CONSTRUCTION-PROJECTS
942 _n0
948 _c04/03/1997
999 _c23548
_d23548